| 000 | 00558nam a2200145 a 4500 | ||
|---|---|---|---|
| 008 | 120416s1978 ||||||||||||||||| || u | ||
| 050 | _aHG 3821 Put | ||
| 100 | _aWilford, D. Sykes | ||
| 245 | 1 | 4 |
_aThe monetary approach to international adjustment _cedited by Blumford H. Putman |
| 260 |
_aNew York _bPraeger _c1978 |
||
| 300 | _axvi, 283p. : ill. | ||
| 350 | _a0.00 | ||
| 700 | _aPutman, Blumford H | ||
| 995 |
_D0.00 _FCBU-MAIN LIBRARY (Kitwe) _H1 _I0.00 _M1 _UAVAILABLE _ZMain Library Open Access Collection |
||
| 999 |
_c51573 _d51573 |
||